Unidad nacional frente a la crisis

Salvato in:
Dettagli Bibliografici
Autore principale: Monge Alvarez, Luis Alberto
Natura: testo
Pubblicazione: San José: Imprenta Nacional
Tags: Aggiungi Tag
Nessun Tag, puoi essere il primo ad aggiungerne!!

MARC

LEADER 00000 a a2200000 04500
001 23228
003
040
090 |a 160700  
100 |a Monge Alvarez, Luis Alberto  
245 |a Unidad nacional frente a la crisis  
260 |a San José:   |b Imprenta Nacional  
300 |a 20 p.  
999 |c 11588  |d 11588